All Dave Songs - Statistics

General Stats
  • This quiz has been taken 595 times
  • The average score is 32 of 52
Answer Stats
Six Paths % Correct
Psycho
89%
Location
84%
Streatham
83%
Verdansk
83%
We're All Alone
83%
Clash
82%
Lesley
82%
Drama
77%
My 19th Birthday
77%
Screwface Capital
77%
Black
74%
Heart Attack
73%
System
71%
Both Sides Of A Smile
69%
Game Over
69%
How I Met My Ex
69%
Purple Heart
69%
Six Paths
69%
Environment
68%
In The Fire
68%
No Words
67%
Lazarus
66%
Starlight
66%
Thiago Silva
66%
Twenty To One
66%
Survivor's Guilt
64%
Disaster
63%
Funky Friday
63%
Professor X
63%
Voices
62%
Law Of Attraction
61%
Picture Me
59%
Three Rivers
59%
Wanna Know
59%
Samantha
56%
Titanium
55%
Hangman
53%
My 24th Birthday
53%
Question Time
52%
Mercury
49%
Panic Attack
49%
Tequila
49%
71
47%
100M's
44%
God's Eye
43%
Attitude
42%
JKYL+HYD
42%
Paper Cuts
42%
Breathe
39%
Calling Me Out
39%
Revenge
32%
Wanna Know Remix
31%
No matching quizzes found
Score Distribution
Percent of People with Each Score
Percentile by Number Answered
Your Score History
You have not taken this quiz